41st Elite Corps - Statistics

General Stats
  • This quiz has been taken 5 times
  • The average score is 5 of 9
Answer Stats
Ranks/Position Names % Correct
Grandmaster Yoda
100%
Trooper Buzz
80%
Trooper Draa
80%
Commander Gree
80%
Captain Jek
60%
General Luminara Unduli
60%
Trooper Cooker
40%
Commander Gett
20%
Trooper Green Leader
0%
No matching quizzes found
Score Distribution
Percent of People with Each Score
Percentile by Number Answered
Your Score History
You have not taken this quiz